00737nam a22002057a 4500003000900000008004100009020001800050040007100068082001800139100002100157245001300178260004200191300002600233440002900259505014800288650002400436650002600460650002500486700002000511AR-CdUCM190308b ||||| |||| 00| 0 spa d a84-7223-085-6 aMUNICIPALIDAD PROVINCIAL DEL CUSCOcBIBLIOTECA MUNICIPAL DEL CUSCO a818.42 /bD71 aDickinson, Emily aPoemas / aBarcelona :bTusquets Editoresc1985. a368 paginas ;c20 cm. aMarginales Tusquets n85 aContenido : Tengo un pájaro en primavera -- Los pies de la gente volviendo a sus casas -- Hay una palabra -- Nunca dije al oro enterrado ...  aPoesía española aLiteratura española aLiteratura universal aOcampo, Silvina